00000000nam##2200000za#4500
0019.681209
003CaOODSP
00520200330070223
007ta
008150407|2000||||xxc|||||     f|0| 0 fre|d
020 |a0-662-84930-2
040 |aCaOODSP|bfre
043 |an-cn---
0861 |aFo42-312/2000F
1101 |aCanada.|bRessources naturelles Canada. |bService canadien des forêts.
24513|aLa comptabilité du bilan du carbone au niveau de l'unité d'aménagement forestier : |baperçu des enjeux et des méthodes / |cPréparé par Martin von Mirbach pour le Réseau canadien de forêts modèles
260 |aOttawa - Ontario : |bRessources naturelles Canada. |c2000.
300 |av, 17p. : |bfigures, références ; |c28 cm.
500 |a«Le présent rapport se concentre sur la façon d'utiliser les inventaires existants pour rendre compte des stocks et des flux de carbone. Le recours à des mesures directes et à la télédétection pourrait jouer un rôle important dans le bilan du carbone, même si ce rapport n'en traite pas, car pour l'instant, leur application fructueuse à l'estimation du bilan du carbone dépend encore de solides estimations de base tirées des évaluations du bilan du carbone reposant sur les inventaires.»--Résumé.
5203 |aLe présent rapport se concentre sur la façon d'utiliser les inventaires existants pour rendre compte des stocks et des flux de carbone. Le recours à des mesures directes et à la télédétection pourrait jouer un rôle important dans le bilan du carbone, même si ce rapport n'en traite pas, car pour l'instant, leur application fructueuse à l'estimation du bilan du carbone dépend encore de solides estimations de base tirées des évaluations du bilan du carbone reposant sur les inventaires.--Résumé
563 |aReliure à spirale
590 |a01-20|b2001-05-18
69107|aGestion forestière|2gcpds
69107|aEffet de serre|2gcpds
69107|aForêt modèle|2gcpds
69107|aClimat|2gcpds
7201 |avon Mirbach, Martin
77508|tCarbon budget accounting at the forest management unit level : |w(CaOODSP)9.647829
7760#|tLa comptabilité du bilan du carbone au niveau de l'unité d'aménagement forestier : |w(CaOODSP)9.630383